Vplyv vybraných foriem podpory podnikania na výsledky činnosti malých a stredných podnikov v SR dizertačná práca

Salvato in:
Dettagli Bibliografici
Autore principale: Kinčáková, Michaela
Ente Autore: Fakulta podnikového manažmentu EU. Katedra podnikovohospodárska
Altri autori: Šúbertová, Elena
Natura: Libro
Lingua:slovacco
Pubblicazione: Bratislava 2014
Soggetti:
Tags: Aggiungi Tag
Nessun Tag, puoi essere il primo ad aggiungerne!!

MARC

LEADER 00000nbm a2200000 4500
001 0192549
005 20240502073230.4
041 0 |a slo 
044 |a SK 
245 1 0 |a Vplyv vybraných foriem podpory podnikania na výsledky činnosti malých a stredných podnikov v SR  |b dizertačná práca  |c Michaela Kinčáková ; školiteľ: Elena Šúbertová 
264 1 |a Bratislava  |c 2014 
300 |a 158 s. 
610 2 0 |a podnikanie 
610 2 0 |a formy podnikov 
610 2 0 |a podnik malý 
610 2 0 |a podnik stredný 
610 2 0 |a Slovensko 
100 1 |a Kinčáková, Michaela 
700 1 |a Šúbertová, Elena 
710 2 |a Fakulta podnikového manažmentu EU. Katedra podnikovohospodárska